Statistics for 2022-2023 Serie A Rankings

Click here to take the quiz!

General Stats

  • This quiz has been taken 7 times
  • The average score is 13 of 20

Answer Stats

PlacementPointsTeam% Correct
470Ac Milan
83%
564Atalanta
83%
372Inter Milan
83%
762Juventus
83%
274Lazio
83%
190Napoli
83%
856Fiorentina
67%
17 (play out winnner)31Hellas Verona
67%
663Roma
67%
2019Sampdoria
67%
1345Sassuolo
67%
18 (play out loser)31Spezia
67%
1053Torino
67%
1246Udinese
67%
954Bologna
50%
1927Cremonese
50%
1443Empoli
50%
1542Salernitana
50%
1636Lecce
33%
1152Monza
33%

Score Distribution

Percentile by Number Answered

Percent of People with Each Score

Your Score History

You have not taken this quiz